000 00586nam a2200193 a 4500
005 20140310183330.0
008 060822s19uu xx 00 eng d
020 _a0-471-45010-3
050 _aGT 3405
_b.So68 2003
100 _aSorin, David.
245 _aThe special events advisor:
_bthe business and legal guide for event professionals./
_cDavid Sorin.
260 _aU.S.A :
_bJohn Wiley &Sons,
_c2003.
300 _a302 p. :
_c26 cm.
521 _aBSBA
650 _aSpecial events industry.
650 _aSpecial events
_xPlanning.
942 _cBK
_2lcc
_kFOR
999 _c21538
_d21538